000 00525 a2200193 4500
005 20260402143009.0
008 260402b |||||||| |||| 00| 0 eng d
020 _a9783031204166
_c€ 64.99
040 _aMAIN
082 _a572.86
_bH291B(2)
100 _aHaubold, Bernhard
245 _aBioinformatics for evolutionary biologists: A problems approach
250 _a2nd
260 _bSpringer
_c2023
_aSwitzerland
300 _aix, 411
650 _aBiochemistry
700 _aHaubold, Angelika Borsch
942 _cBK
999 _c394823
_d394823